00806 2200277 4500001002100000001002100021005001500042020002200057035002400079040001200103082001700115084001700132090001700149090001400166100001800180245005300198245009800251250000900349260003400358260002900392300004400421650001900465700001400484990001500498990001500513YOGYA000000000000810YOGYA00000000000081020140822072729 a978-979-29-3101-3 0010-081400000000850 aYOPDYOG 2[22]a003.54 a003.54 SIA P a003.54 SIA P a530 Pra M aSIANIPAR, R.H aMengerti Fisika jild.1 : MekanikacPrasetio, Len aPemrosesan sinyal digital /cR.H Sianipar, I.K. Wiryajati, M.Irwan ; editor Edi S luliyanta . aEd.1 aYogyakartabAndi Offsetc1992 aYogyakarta:bAndi,c2012 axxii, 337 hlm.b: ilus.c28 cm.(3 eks.) aSinyal Digital aWiryajati a91192-P/97 a91194-P/97